Aprender Italiano días y meses - Estadísticas

Estadísticas generales
  • Esta prueba ha sido intentada 55 veces
  • La puntuación promedio es 11 de 19
Estadísticas de respuestas
Español Italiano % Correcto
Lunes Lunedi
98%
Martes Martedì
80%
Miércoles Mercoledì
73%
Sábado Sabato
71%
Domingo Domenica
66%
Jueves Giovedì
59%
Mayo Maggio
59%
Septiembre Settembre
56%
Viernes Venerdì
56%
Abril Aprile
54%
Diciembre Dicembre
54%
Noviembre Novembre
54%
Octubre Ottobre
54%
Agosto Agosto
51%
Enero Gennaio
51%
Marzo Marzo
51%
Febrero Febbraio
49%
Julio Luglio
41%
Junio Giugno
37%
No se encontraron pruebas coincidentes
Distribución de puntuación
Porcentaje de gente con cada puntuación
Porcentaje por número respondido
Historial de tus puntuaciones
No has intentado esta prueba.